banner koha

Produção de massa verde e efeito da idade de corte sobre a composição químico-bromatológica do feno de canarana erecta lisa (Echinochloa pyramidalis, Hitch) (Registro n. 210897)

MARC details
000 -LÍDER
campo de controle de tamanho fixo 01100nas a2200337 4500
001 - NÚMERO DE CONTROLE
campo de controle BR2011001192
003 - IDENTIFICADOR DO NÚMERO DE CONTROLE
campo de controle BR-BrBNA
005 - DATA E HORÁRIO DA ÚLTIMA TRANSAÇÃO
campo de controle 20231205114849.0
007 - CAMPO FIXO DE DESCRIÇÃO FÍSICA--INFORMAÇÃO GERAL
campo de controle de tamanho fixo ta
008 - CAMPO DE DADOS FIXOS--INFORMAÇÃO GERAL
campo de controle de tamanho fixo 230509b bl.|||p| |||| 00| 00por d
040 ## - FONTE DA CATALOGAÇÃO
Instituição da catalogação original BR-BrBNA
Idioma da catalogação por
Instituição que transcreveu o registro Biblioteca Nacional de Agricultura
041 ## - CÓDIGO DE IDIOMA
Código do idioma do texto/trilha sonora ou título diferente (Pt)
072 ## - CÓDIGO DE CATEGORIA DE ASSUNTO
Código de Categoria de Assunto Q52; Q54
100 1# - ENTRADA PRINCIPAL--NOME PESSOAL
Nome pessoal Braga, A.P.
100 1# - ENTRADA PRINCIPAL--NOME PESSOAL
Nome pessoal Braga, Z.C.A. da C.
100 1# - ENTRADA PRINCIPAL--NOME PESSOAL
Nome pessoal Rangel, A.H. do N.
100 1# - ENTRADA PRINCIPAL--NOME PESSOAL
Nome pessoal Lima Júnior, D.M. de
100 1# - ENTRADA PRINCIPAL--NOME PESSOAL
Nome pessoal Maciel, M. do V.
245 1# - TÍTULO
Título Produção de massa verde e efeito da idade de corte sobre a composição químico-bromatológica do feno de canarana erecta lisa (Echinochloa pyramidalis, Hitch)
650 ## - ASSUNTO--TERMO TÓPICO
Cabeçalho tópico ou nome geográfico CAPIM CANARANA
650 ## - ASSUNTO--TERMO TÓPICO
Cabeçalho tópico ou nome geográfico CANARANA ERECTA LISA
650 ## - ASSUNTO--TERMO TÓPICO
Cabeçalho tópico ou nome geográfico FENAÇÃO
650 ## - ASSUNTO--TERMO TÓPICO
Cabeçalho tópico ou nome geográfico FORRAGEM
650 ## - ASSUNTO--TERMO TÓPICO
Cabeçalho tópico ou nome geográfico COMPOSIÇÃO QUÍMICA
650 ## - ASSUNTO--TERMO TÓPICO
Cabeçalho tópico ou nome geográfico TECNOLOGIA DE ALIMENTO
650 ## - ASSUNTO--TERMO TÓPICO
Cabeçalho tópico ou nome geográfico BROMATOLOGIA
650 ## - ASSUNTO--TERMO TÓPICO
Cabeçalho tópico ou nome geográfico RIO GRANDE DO NORTE
773 0# - ENTRADA ANALÍTICA
Título Revista Caatinga (Brazil)
ISSN - International Standard Serial Number ISSN 0100-316X
Partes relacionadas (Oct-Dec 2008), v. 21(4) p. 1-5
Número de controle do registro BR2011001192
909 ## -
-- 202311
-- Lúcia
-- 55
-- Lúcia Elande
942 ## - ELEMENTOS DE ENTRADA ADICIONADOS (KOHA)
Fonte da classificação ou esquema de arquivamento na estante Classificação AGRIS
Ocultar no OPAC Não
Tipo de material Koha Analítica
Exemplares
Situação do descarte Fonte da classificação ou esquema de arquivamento na estante Situação física Não pode ser emprestado Biblioteca de origem Biblioteca atual Localização na estante Enumeração do periódico / cronologia Total de empréstimos Data de último acesso Número do exemplar Tipo de material Koha Fonte de aquisição
  Classificação AGRIS   Consulta local Biblioteca Nacional de Agricultura - Binagri Biblioteca Nacional de Agricultura - Binagri   (Oct-Dec 2008), v. 21(4) p. 1-5   29/11/2023 01 Periódicos Portaria Interministerial nº 164/94

BINAGRI

Telefone: (61)3218-2567/2388/3357/2097 - binagri@agro.gov.br

Ministério da Agricultura e Pecuária , Esplanada dos Ministérios, Bloco D, Anexo B, Brasília/DF, CEP: 70.043-900